00840nam a22002537a 450000500170000001000110001702000100002803500110003803700160004904000120006508200160007710000310009324500470012426000460017127000540021730000250027150000610029665000290035770000100038670000130039694200250040999900190043495201330045320170124110111.0 a978855 c00.00 a978855 bCen Lib/Ret aDPLbEN a954.11bTIK aTikoo, Prithvi Nath929074 aStory of kashmir /cby Prithivi Nath Tikoo aNew DelhibLight & life publishers c1979 bNew Delhia2428, Tilak street, Paharganj e110055 axiii,287p.c21cm(Hb) aIncludes appendix, bibliographical references and index  aHistoryzKashmir 929075 929055 a 929069 2ddccENh954.11mTIK c130388d130388 00104070aLbLd2015-07-09eCen Lib/Retg0.00l1o954.11 TIKp978855r2022-03-22 00:00:00s2022-03-19t1v0.00w2015-07-09yEN